00370nam a2200133Ia 4500008004100000020001800041040002900059050002300088100002600111245004300137260003400180942000700214999001500221230107s9999||||xx |||||||||||||| ||und|| a0-06-040681-X cChuka University Library aLB 1051 bB43 1980 aBIGGE MORRIS L.92662 0aPSYCHOLOGICAL FOUNDATIONS OF EDUCATION aHARPER AND ROWbNEWYORKc1980 cBK c8312d8312